000 00880nam a2200277 c 4500
999 _c7268
_d7268
003 BLK
005 20220225150705.0
008 180412b bul|||||r ||||||| ||bul||
010 _aKNG00008554000
040 _aBLK
041 _aBUL
_cBUL
080 _aБългарска литература
_b821.163.2
_x-1
_z821.163.2-1
100 1 _aПелтекова, Антоанета
_eпърви автор
_9251322
139 _aПелтекова, Антоанета
_bП 33
245 1 0 _aОрисия и копнеж
_bЛирика
_cАнтоанета Пелтекова.
257 _aBGR
260 _bИзд. авт.
_c1995
300 _a30 с.
_bс ил.
_c21 см
380 _aX
500 _a1 000 тир.
852 _aЦб 183778
852 _aК 821.163.2/П 33 А
856 4 _qpdf
_u
856 4 _qpdf
_u
942 _cKNG
_n0
_s1
944 _aCR
_c15.01.2003
_kСимона_Петрова
944 _aED
_c16.09.2014
999 _d7268
999 _d7268